Qui sont ces personnalités ? (Très Difficile) - Statistiques

Statistiques générales
  • Ce quiz a été pris 40 fois
  • Le résultat moyen est 4 sur 16
Statistiques - réponses
Par images Réponse % Correct
Emiliano Zapata
54%
Roland
49%
Pol Pot
41%
Suzanne Lenglen
41%
Blandine de Lyon
38%
Joseph Joffre
35%
Jeanne Hachette
19%
Jérôme Savonarole
19%
Camille Saint-Saëns
14%
Léo Lagrange
11%
Pablo Neruda
11%
Charles Maurras
8%
Dmitri Mendeleiev
8%
John Wilkes Booth
8%
Thomas Cromwell
8%
John Pitcairn
0%
Aucun quiz correspondant
Distribution des résultats
% des personnes avec chaque résultat
Percentile par nombre de réponses
Votre historique - résultats
Vous n’avez pas pris ce quiz